| 000 | 00795nam a22002055i 4500 | ||
|---|---|---|---|
| 001 | 166527 | ||
| 003 | ES-MaACL | ||
| 005 | 20250724074559.0 | ||
| 008 | 050915s1901 fr | |||||||| ||fre d | ||
| 040 |
_aCAM _bspa _cCAM |
||
| 100 | 1 |
_aTorres Quevedo, Leonardo, _d1852-1936 _9111002 |
|
| 245 | 1 | 0 |
_aMachines à calculer / _cpar L. Torres. |
| 260 |
_aParis : _bImprimerie Nationale, _c1901. |
||
| 300 |
_a20 p., 5 h. de lám ; _c29 cm. |
||
| 595 | _aMémories présentés par divers savants à l'Académie des Sciences de l'institut National de France, T. XXXII, nº 9. | ||
| 650 | 4 |
_aCalculadoras. _9135706 |
|
| 650 | 7 |
_aÁlgebra _2embne _99720 |
|
| 852 |
_aES-MaACL _jT-992-F-5 _z-- Enc. hol., conservando la cub. original _z-- Enc. en un vol. facticio |
||
| 999 |
_c166527 _d166527 |
||